Squid Game Last Words - Statistics

General Stats
  • This quiz has been taken 290 times
  • The average score is 21 of 33
Answer Stats
Last Words Character Death Episode % Correct
"We are not horses. We are humans. And humans are..." SeongGi-hun (Player 456) Season 3, Episode 6 "Humans Are..."
84%
"Sang-woo, where are you? Brother? Brother, hello? I'm done with this side. Sang-woo! Sang-woo!" Ali Abdul (Player 199) Season 1, Episode 6"Gganbu"
83%
"I'm sorry, Se-mi." ParkMin-su (Player 125) Season 3, Episode 5 "⭘△☐"
81%
"Wha - what's up? Is that still too low? That's fine. Ten billion won, that's all I need! I'll give you the rest of it, okay? 1.4 billion, okay? You can share it between yourself! It's all yours!" ImJeong-dae (Player 100) Season 3, Episode 5 "⭘△☐"
80%
"You fucking think I won't do it?! I'll just let go! I'll do it! Throw the knife here! Move away! Further than that!" LeeMyung-gi (Player 333) Season 3, Episode 6"Humans Are..."
80%
"Gi-hun... My mother, go help her. You have to help her." Cho Sang-woo (Player 218) Season 1, Episode 9 "One Lucky Day"
78%
"Ma, I just - I'm so sorry." ParkYong-sik (Player 007) Season 3, Episode 2 "The Starry Night"
77%
"I found the exit. We can all get out of here now. Come on, come on-" ChoHyun-ju (Player 120) Season 3, Episode 2"The Starry Night"
76%
"Watch over her." KimJun-hee (Player 222) Season 3, Episode 4 "222"
76%
"I'm sorry, dude! I'm sorry! Please, I mean it! I'm sorry for everything! I can't do it without this shit, I'm begging you Min-su, oh, I'm so sorry, please! Fuck, man, I can't. I need it - oh, shit. You - fuck you!" Nam-gyu(Player 124) Season 3, Episode 3 "It's Not Your Fault"
76%
"You asked why I let you live. By joining and playing with you... I got that chance to... feel again. Thanks to you, I got to remember all these things that I had forgotten long ago. It had been such a long time... since I... was able to have that much fun." Oh Il-nam (Player 001) Season 1, Episode 9 "One Lucky Day"
76%
''Your money, your girl, your life, they're all mine. It all belongs to me, ______ the great! You fucking... you son of a fucking bitch!" ChoiSu-bong "Thanos" (Player 230) Season 2, Episode 7"Friend or Foe"
75%
"You goddamn bitch!" Jang Deok-su (Player 101) Season 1, Episode 7 "V.I.P.S"
75%
"Mister... I think I wanna go. I'd like to go home now." Kang Sae-byeok
(Player 067)
Season 1, Episode 8"Front Man"
74%
"Gi-hun..." Park Jung-Bae (Player 390) Season 2, Episode 7 "Friend or Foe"
73%
"Deok-su... I need you to know... you've got such a tiny dick!" Han Mi-nyeo (Player 212) Season 1, Episode 7 "V.I.P.S"
72%
"It's your fault. It's your-" KangDae-ho (Player 388) Season 3, Episode 2 "The Starry Night"
70%
"Crap. I just moved." Kang Mi-na (Player 196) Season 2, Episode 3"001"
70%
"Kang Sae-byeok! Thank you... for playing with me!" Ji-yeong (Player 240) Season 1, Episode 6 "Gganbu"
68%
"Unnie...!" Kim Young-mi (Player 095) Season 2, Episode 6"O X"
65%
"Goddamn it, you're on!" Player 324 Season 1, Episode 1 "Red Light, Green Light"
62%
"Get them out of here, please." JangGeum-ja (Player 149) Season 3, Episode 3"It's Not Your Fault"
61%
"How dare you. Who do you - think I-" Seon-nyeo(Player 044) Season 3, Episode 2 "The Starry Night"
60%
"Hey, you got eliminated, idiot. You can stop with the act." Player 250 Season 1, Episode 1 "Red Light, Green Light"
58%
"What's the matter? Is your mind starting to race? Now your odds of death are 1 in 2. That's pretty high indeed. I'm sure you're afraid. Lots going through your mind. Let me guess what you're thinking right now. 'The gun is in my hand. Screw the rules. Pull the trigger once or twice, and I can blow this guy's face right off.' Isn't that right? If you want to meet the person you mentioned earlier, the key is in my pocket. You can simply shoot me with that gun and take it. But I'll have you admit one thing. That you're a piece of trash just like everyone else. A piece of trash who got lucky and made it out of the dumpster." The Recruiter Season 2, Episode 1 "Bread and Lottery"
57%
"Captain Hwang... it's been fun." Park Yeong-gil Season 3, Episode 4"222"
51%
"How can you call yourselves human?! How many of you can continue with this insanity?! Just for the money?! You just had to kill the ones that you were the closest to at this place and you're good with that?! Just to get that money?!" Player 069 Season 1, Episode 7"V.I.P.S"
44%
"You goddamn bastard!" Se-mi(Player 380) Season 2, Episode 7 "Friend or Foe"
44%
"What are you thinking? You know the elevator won't work. You need my mask to get anywhere." Masked Officer Season 3, Episode 5"⭘△☐"
41%
"Then what do I have to do?" Byeong-gi (Player 111) Season 1, Episode 5 "A Fair World"
37%
"Woo-seok." Kim Jeong-rae Season 2, Episode 1"Bread and Lottery"
37%
"Thank you so much, Thank you so much..." Kim Nam-du
(Player 444)
Season 2, Episode 3 "001"
35%
"You're just a kid... what did they do to you?" No Sang-hun
(Player 119)
Season 1, Episode 3"The Man with the Umbrella"
34%
No matching quizzes found
Score Distribution
Percent of People with Each Score
Percentile by Number Answered
Your Score History
You have not taken this quiz